00304 a2200097 4500001001000000005001700010008004100027245005000068100002000118773006800138ART_5016420260410162007.0260409a 10aLa hipervulnerabilidad del consumidor fumador1 aRomero, Luis E.0 tTemas de derecho civilg- Año 5, N° 11 (nov. 2019)wREV34778